000 01449nam a2200337 i 4500
001 bg
003 BPK
005 20200124075800.0
008 990506s1983 pl a f |000 0 pol
015 _aPB 1983/7547
040 _aWA N
_cBPK
041 0 _apol
_brus
_beng
080 _a628.3
080 _a66.06
100 1 _aJaroszyński, Tymoteusz.
_eAutor
245 1 0 _aWpływ rozpuszczalników organicznych na działanie osadu czynnego /
_cTymoteusz Jaroszyński, Edward Gomółka.
260 _aWrocław :
_bWydaw. PW,
_c1983.
300 _a105, [2] s., [4] s. tabl. wykr. :
_brys., wykr. ;
_c24 cm.
490 1 _aPrace Naukowe Instytutu Inżynierii Ochrony Środowiska Politechniki Wrocławskiej. Monografie,
_x0084-2869 ;
_v21.
500 _aTyt. równol.: The influence of organic solvents on the activated sludge process.
500 _aNumeracja ser. gł. : 52.
504 _aBibliogr. s. 96-104.
546 _aStreszcz. ang., ros.
650 4 _aRozpuszczalniki
_xstosowanie.
650 4 _aOsad czynny
700 1 _aGomółka, Edward
_eAutor
830 0 _aPrace Naukowe Instytutu Inżynierii Ochrony Środowiska Politechniki Wrocławskiej ;
_v52.
830 0 _aPrace Naukowe Instytutu Inżynierii Ochrony Środowiska Politechniki Wrocławskiej.
_pMonografie,
_v21.
856 _uhttp://koha.tu.koszalin.pl/cgi-bin/koha/opac-detail.pl?biblionumber=22067
_yKatalog online BPK
942 _2UKD
_cKS
999 _c22067
_d22067